000 00194nam a2200085Ia 4500
005 20250424112919.0
008 250424s9999 xx 000 0 und d
650 _aFinance--Periodicals.
942 _cSR
999 _c37845
_d37845